书目信息 |
| 题名: |
重正化群理论
|
|
| 作者: | 克布勒 , 霍泽 著 | |
| 分册: | ||
| 出版信息: | 北京 北京大学出版社 2014.10 |
|
| 页数: | 394页 | |
| 开本: | 23cm | |
| 丛书名: | 中外物理学精品书系 | |
| 单 册: | ||
| 中图分类: | O441.2-33 | |
| 科图分类: | ||
| 主题词: | 磁学--英文--研究--实验 | |
| 电子资源: | ||
| ISBN: | 978-7-301-24829-4 | |
| 000 | 01157nam0 2200301 450 | |
| 001 | 1593 | |
| 001 | 01CN10321953@CSLN | |
| 005 | 20161130141417.15 | |
| 010 | @a978-7-301-24829-4@dCNY69.00 | |
| 100 | @a20141023d2014 em y0chiy50 ea | |
| 101 | 0 | @aeng |
| 102 | @aCN@b110000 | |
| 105 | @aak z 000yy | |
| 200 | 1 | @a重正化群理论@9zhong zheng hua qun li lun@e对实验磁学的影响@f(德)克布勒(U. Kobler),(德)霍泽(A.Hoser)著 |
| 205 | @a英文影印版 | |
| 210 | @a北京@c北京大学出版社@d2014.10 | |
| 215 | @a394页@c图@d23cm | |
| 225 | 2 | @a中外物理学精品书系@9zhong wai wu li xue jing pin shu xi |
| 300 | @a一般读者 | |
| 330 | @a本书综述了近50年来固体物理的实验,并用唯象的方式指出磁序和普通超导的动力学出现主要受连续固体的场论粒子而不是磁子或Cooper对的控制。在磁序中相关的粒子称作GSW玻色子,在超导里相关的粒子称作SC玻色子。 | |
| 333 | @a凝聚态、材料科学和粒子物理等领域的研究者 | |
| 461 | 0 | @12001 @a中外物理学精品书系 |
| 606 | 0 | @a磁学@x英文@x研究@x实验 |
| 690 | @aO441.2-33@v4 | |
| 701 | 0 | @c(德)@a克布勒@9ke bu le@4著 |
| 701 | 0 | @c(德)@a霍泽@9huo ze@4著 |
| 801 | 0 | @aCN@b大连网信软件有限公司图书馆·11@c20161130 |
| 905 | @aZUCC@dO441.2-33@e140 | |
| 重正化群理论:对实验磁学的影响/(德)克布勒(U. Kobler),(德)霍泽(A.Hoser)著.-英文影印版.-北京:北京大学出版社,2014.10 |
| 394页:图;23cm.-(中外物理学精品书系) |
| 一般读者.-使用对象:凝聚态、材料科学和粒子物理等领域的研究者 |
| ISBN 978-7-301-24829-4:CNY69.00 |
| 本书综述了近50年来固体物理的实验,并用唯象的方式指出磁序和普通超导的动力学出现主要受连续固体的场论粒子而不是磁子或Cooper对的控制。在磁序中相关的粒子称作GSW玻色子,在超导里相关的粒子称作SC玻色子。 |
| ● |
| 相关链接 |
|
|
|
|
正题名:重正化群理论
索取号:O441.2-33/140
 
预约/预借
| 序号 | 登录号 | 条形码 | 馆藏地/架位号 | 状态 | 备注 |
| 1 | 909566 | 209095664 | 第二样本阅览室/ [索取号:O441.2-33/140] | 在馆 | |
| 2 | 909567 | 209095673 | 第三借阅区/ [索取号:O441.2-33/140] | 在馆 | |
| 3 | 909568 | 209095682 | 第三借阅区/ [索取号:O441.2-33/140] | 在馆 | |
| 4 | 909569 | 209095691 | 第三借阅区/ [索取号:O441.2-33/140] | 在馆 | |
| 5 | 909570 | 209095708 | 密集书库-物理学院/ [索取号:O441.2-33/140] | 在馆 |